| 000 | 01376cam a22003011i 4500 | ||
|---|---|---|---|
| 003 | SA-RiAUC | ||
| 005 | 20241010081156.0 | ||
| 008 | 241009s2002 le g 00010 ara c | ||
| 040 |
_aOQUL _bara _cSA-RiAUC. _erda |
||
| 050 | 4 | _b.A53 2002 | |
| 082 | 0 | 4 | _a410.2 |
| 090 |
_a410.2 _bأ ن ب |
||
| 100 | 1 |
_aالأنباري، عبد الرحمن بن محمد بن عبيد الله، _d513-577 هجري _eمؤلف. |
|
| 245 | 1 | 0 |
_aثلاثة كتب لأبي البركات الأنباري / _cكمال الدين أبو البركات عبد الرحمن ؛ تحقيق حاتم صالح الضامن. |
| 246 | 3 | _a3 كتب لأبي البركات الأنباري | |
| 250 | _aالطبعة الأولى. | ||
| 264 | 1 |
_aبيروت : _bدار البشائر، _c2002 |
|
| 300 |
_a104 صفحة ؛ _c24 سم |
||
| 336 |
_aنص _btxt _2rdacontent _3كتاب |
||
| 337 |
_aبدون وسيط _bn _2rdamedia |
||
| 338 |
_aمجلد _bnc _2rdacarrier |
||
| 505 | 0 | _aالمحتويات : الموجز في علم القوافي-اللمعة في صنعة الشعر-فرائد الفوائد. | |
| 650 | 7 |
_aاللغة العربية _xعروض وقافية _2aucsh |
|
| 650 | 7 |
_aاللغة العربية _vمتفرقات _2aucsh |
|
| 700 | 1 |
_aالضامن، حاتم صالح، _d1938-2013 _eمحقق. |
|
| 942 |
_2ddc _cBOOK _n0 |
||
| 949 |
_aSA-JeALM _d241009 _umohamedma123 _n1 |
||
| 999 |
_c1131 _d1131 |
||